000
00314nam a2200133Ia 4500
008
230818s2005 xx 000 0 und d
041
_a
eng
100
_a
Flanagam
245
_a
The Management bible
260
_b
New Holland Pub
_c
2005
300
_a
623p
520
_a
Reference Copy
999
_c
852619
_d
852619
650
_a
Food Production